Handbook of materials and processes for electronics. (Record no. 182807)
[ view plain ]
| 000 -LEADER | |
|---|---|
| fixed length control field | 01195 a2200205 4500 |
| 003 - CONTROL NUMBER IDENTIFIER | |
| control field | Nust |
| 005 - DATE AND TIME OF LATEST TRANSACTION | |
| control field | 20170207153251.0 |
| 010 ## - LIBRARY OF CONGRESS CONTROL NUMBER | |
| LC control number | 76095803 |
| 020 ## - INTERNATIONAL STANDARD BOOK NUMBER | |
| International Standard Book Number | 0070266735 |
| 040 ## - CATALOGING SOURCE | |
| Transcribing agency | Nust |
| 082 00 - DEWEY DECIMAL CLASSIFICATION NUMBER | |
| Classification number | 620.11 |
| 100 1# - MAIN ENTRY--PERSONAL NAME | |
| Personal name | Harper, Charles A. |
| 245 10 - TITLE STATEMENT | |
| Title | Handbook of materials and processes for electronics. |
| Statement of responsibility, etc. | Charles A. Harper, editor. |
| 260 ## - PUBLICATION, DISTRIBUTION, ETC. | |
| Place of publication, distribution, etc. | New York, |
| Name of publisher, distributor, etc. | McGraw-Hill |
| Date of publication, distribution, etc. | [1970] |
| 300 ## - PHYSICAL DESCRIPTION | |
| Extent | 1 v. (various pagings) |
| Other physical details | illus. |
| Dimensions | 23 cm. |
| 505 ## - FORMATTED CONTENTS NOTE | |
| Formatted contents note | Plastics For Electronics (Page-1-1), Laminates, Reinforced Plastics And Composite Structures (Page-2-1), Elastomers (Page-3-1), Wires And Cables (Page-4-1), Coating For Electronics (Page-5-1), Ceramics Glasses And Micas (Page-6-1), Semiconductor Materials (Page-7-1), Ferrous Metals (Page-8-1), Nonferrous Metals (Page-9-1), Metallic And Chemical Finishes On Metals And Nonconductors (Page-10-1), Thin Films (Page-11-1), Thick Films (Page-12-1), Metals Joining Of Electronic Circuitry (Page-13-1), Photofabrication (Page-14-1), Materials For The Space Environment (Page-15-1) |
| 538 ## - SYSTEM DETAILS NOTE | |
| System details note | Almirah No.29 Shelf No.3 |
| 650 #0 - SUBJECT ADDED ENTRY--TOPICAL TERM | |
| Topical term or geographic name entry element | Electronics |
| General subdivision | Materials |
| -- | Handbooks, manuals, etc. |
| 650 #0 - SUBJECT ADDED ENTRY--TOPICAL TERM | |
| Topical term or geographic name entry element | Manufacturing processes |
| General subdivision | Handbooks, manuals, etc. |
| 942 ## - ADDED ENTRY ELEMENTS (KOHA) | |
| Source of classification or shelving scheme | |
| Koha item type | Book |
| Withdrawn status | Lost status | Source of classification or shelving scheme | Damaged status | Not for loan | Collection code | Permanent Location | Current Location | Date acquired | Total Checkouts | Full call number | Barcode | Date last seen | Price effective from | Koha item type |
|---|---|---|---|---|---|---|---|---|---|---|---|---|---|---|
| Military College of Signals (MCS) | Military College of Signals (MCS) | 12/12/2016 | 620.11 HAR | MCS5453 | 12/08/2016 | 12/12/2016 | Book |
